[Event "Cairo op"]
[Site "Cairo"]
[Date "1998.??.??"]
[Round "6"]
[White "Abdelrahman, AK."]
[Black "Amin, Ashraf"]
[Result "1/2-1/2"]
[WhiteElo "2140"]
[BlackElo "2250"]
[PlyCount "91"]
[EventDate "1998.??.??"]
[EventType "swiss"]
[EventRounds "10"]
[EventCountry "EGY"]
[SourceTitle "EXT 1999"]
[Source "ChessBase"]
[SourceDate "1998.11.16"]
[SourceVersion "1"]
[SourceVersionDate "1998.11.16"]
[SourceQuality "1"]

1. Nf3 Nf6 2. g3 c5 3. Bg2 Nc6 4. d4 cxd4 5. Nxd4 e6 6. 0-0 Bc5 7. Nb3 Be7 8. c4 d6 9. Nc3 a6 10. Bf4 0-0 11. Qd2 Nh5 12. Rfd1 Nxf4 13. gxf4 Qb6 14. Rac1 Rd8 15. e3 Bd7 16. Qe2 Rac8 17. Ne4 Qc7 18. Nbd2 f5 19. Nc3 Qb6 20. b3 Bf6 21. Nf3 Be8 22. Ng5 Bxg5 23. fxg5 Ne5 24. Rc2 Bc6 25. e4 f4 26. Rcd2 Qb4 27. Nb1 b5 28. Bh3 Kf7 29. Qh5+ Ng6 30. Qxh7 Bxe4 31. Bxe6+ Kxe6 32. Re2 Kf7 33. Rxe4 Qc5 34. Qh3 Qxg5+ 35. Kh1 Qf6 36. Rde1 Ne5 37. Nc3 Rh8 38. Qg2 g5 39. Rxe5 dxe5 40. Ne4 Qh6 41. Nxg5+ Kf6 42. Ne4+ Kf5 43. Ng3+ Kf6 44. Ne4+ Ke6 45. Ng5+ Kf6 46. Ne4+ 1/2-1/2

[Event "Cairo op-C"]
[Site "Cairo"]
[Date "1997.??.??"]
[Round "?"]
[White "Lendwai, Reinhard"]
[Black "Abdelrahman, AK."]
[Result "1/2-1/2"]
[WhiteElo "2385"]
[BlackElo "2105"]
[PlyCount "109"]
[EventDate "1997.??.??"]
[EventType "swiss"]
[EventRounds "9"]
[EventCountry "EGY"]
[SourceTitle "EXT 2000"]
[Source "ChessBase"]
[SourceDate "1999.11.16"]
[SourceVersion "1"]
[SourceVersionDate "1999.11.16"]
[SourceQuality "1"]

1. Nf3 Nf6 2. g3 g6 3. b3 Bg7 4. Bb2 0-0 5. Bg2 d5 6. c4 c6 7. 0-0 Re8 8. Qc2 Nbd7 9. cxd5 cxd5 10. Rc1 b6 11. d4 Ba6 12. Nc3 Rc8 13. Qd1 e6 14. a4 Bf8 15. Nb5 Rxc1 16. Rxc1 Bxb5 17. axb5 Qa8 18. Ne5 Rc8 19. Rc6 Nxe5 20. dxe5 Rxc6 21. bxc6 Ne8 22. e4 Qxc6 23. exd5 exd5 24. Bxd5 Qd7 25. Qd4 Ng7 26. Kg2 Ne6 27. Qd3 Bc5 28. h4 a5 29. Bc3 Kg7 30. Qc4 Qe7 31. f4 h5 32. Bf3 Kh6 33. f5 gxf5 34. Qd3 Kg6 35. Qd1 Ng7 36. Qd5 Qe6 37. Qd8 Qe7 38. Qh8 Qf8 39. Qxf8 Bxf8 40. Kf2 Bc5+ 41. Ke2 Ne6 42. Bd5 f4 43. Be4+ Kg7 44. gxf4 Nxf4+ 45. Kf3 Ne6 46. Bd5 Be7 47. Kg3 Kg6 48. Be4+ Kh6 49. Bd5 Nc5 50. Bd4 Kg6 51. Bxc5 Bxc5 52. Be4+ f5 53. exf6+ Kxf6 54. Bf3 Kg6 55. Bc6 1/2-1/2